UM Logo

Consumers' Satisfaction on food restaurant Services at Digos City / (Record no. 23443)

MARC details
000 -LEADER
fixed length control field 00665nam a22001697a 4500
005 - DATE AND TIME OF LATEST TRANSACTION
control field 20250214090420.0
008 - FIXED-LENGTH DATA ELEMENTS--GENERAL INFORMATION
fixed length control field 250214b |||||||| |||| 00| 0 eng d
082 ## - DEWEY DECIMAL CLASSIFICATION NUMBER
Edition number 2021
Classification number UT
100 ## - MAIN ENTRY--PERSONAL NAME
Personal name Relatorres, Neil Stephen A.
9 (RLIN) 65258
245 ## - TITLE STATEMENT
Title Consumers' Satisfaction on food restaurant Services at Digos City /
Statement of responsibility, etc. Neil Stephen A. Relatorres, Ronald Alan D. Capilitan, and Neil Eujee A. Tapic
260 ## - PUBLICATION, DISTRIBUTION, ETC. (IMPRINT)
Place of publication, distribution, etc. Digos City :
Name of publisher, distributor, etc. UMDC,
Date of publication, distribution, etc. ©July 2021.
300 ## - PHYSICAL DESCRIPTION
Extent ix, 61 pages :
Other physical details illustration (some colors) ;
Dimensions 30 cm.
521 ## - TARGET AUDIENCE NOTE
Target audience note Includes references and appendices.
700 ## - ADDED ENTRY--PERSONAL NAME
Personal name Capilitan, Ronald Alan D.
9 (RLIN) 65259
700 ## - ADDED ENTRY--PERSONAL NAME
Personal name Tapic, Neil Eujee A.
9 (RLIN) 65260
942 ## - ADDED ENTRY ELEMENTS (KOHA)
Source of classification or shelving scheme Dewey Decimal Classification
Koha item type Undergraduate Thesis

No items available.